00643nam a2200277Ia 4500008004000000020001800040041000800058082001600066100001900082245008100101260002900182300001300211650000700224650001000231650001000241650001200251650001500263650001300278650000700291650001400298650001700312650000700329650000700336650000600343700001600349210210b2010 xxu||||| |||| 00| 0 eng d a9788181281616 aeng a530.41 IBAS aIBACH (Harald) aSolid state physics: an introduction to principles of materials science Ed 3 aNew YorkbSpringerc2010 axii, 501 ato astate aSolid ascience aprinciples aphysics: aof amaterials aintroduction aEd aan a3 aLUTH (Hans)